[Event "AsianNationCup2018-OpenRapid"]
[Site "?"]
[Date "2018.07.27"]
[Round "4.16"]
[White "Nguyen, Duc Hoa"]
[Black "Mohammad Fahad, Rahman"]
[Result "1-0"]
[BlackElo "2108"]
[WhiteElo "2490"]
[LiveChessVersion "1.4.8"]

1. e4 {[%clk 0:15:15]} e5 {[%clk 0:15:11]} 2. Nf3 {[%clk 0:15:21]} Nf6
{[%clk 0:15:05]} 3. Nxe5 {[%clk 0:15:07]} d6 {[%clk 0:15:14]} 4. Nf3
{[%clk 0:15:12]} Nxe4 {[%clk 0:15:22]} 5. d4 {[%clk 0:15:14]} d5 {[%clk 0:15:31]}
6. Bd3 {[%clk 0:15:20]} Bd6 {[%clk 0:15:40]} 7. O-O {[%clk 0:14:34]} O-O
{[%clk 0:15:48]} 8. c4 {[%clk 0:13:36]} c6 {[%clk 0:15:57]} 9. Nc3
{[%clk 0:13:15]} Nxc3 {[%clk 0:16:02]} 10. bxc3 {[%clk 0:13:24]} dxc4
{[%clk 0:15:52]} 11. Bxc4 {[%clk 0:13:28]} Bg4 {[%clk 0:15:58]} 12. Rb1
{[%clk 0:12:32]} Nd7 {[%clk 0:15:55]} 13. h3 {[%clk 0:12:20]} Bh5
{[%clk 0:15:02]} 14. Rxb7 {[%clk 0:11:22]} Nb6 {[%clk 0:15:11]} 15. Ba6
{[%clk 0:09:52]} Qf6 {[%clk 0:14:19]} 16. Bd3 {[%clk 0:06:28]} Nd5
{[%clk 0:13:06]} 17. Bd2 {[%clk 0:06:05]} Nf4 {[%clk 0:13:03]} 18. Bxf4
{[%clk 0:05:55]} Qxf4 {[%clk 0:13:02]} 19. Qc1 {[%clk 0:05:58]} Bxf3
{[%clk 0:11:07]} 20. Qxf4 Bxf4 {[%clk 0:11:16]} 21. gxf3 {[%clk 0:06:15]} Bd2
{[%clk 0:10:58]} 22. Rb3 {[%clk 0:05:58]} Rab8 {[%clk 0:07:36]} 23. Rfb1
{[%clk 0:06:00]} Rxb3 {[%clk 0:07:44]} 24. Rxb3 {[%clk 0:06:07]} g6
{[%clk 0:07:43]} 25. Kf1 {[%clk 0:05:35]} Rc8 {[%clk 0:07:42]} 26. Ke2
{[%clk 0:05:14]} Bf4 {[%clk 0:07:51]} 27. Rb7 {[%clk 0:04:45]} Rc7
{[%clk 0:05:07]} 28. Rxc7 {[%clk 0:04:51]} Bxc7 {[%clk 0:05:15]} 29. Be4
{[%clk 0:04:59]} c5 {[%clk 0:05:20]} 30. dxc5 {[%clk 0:05:06]} Kf8
{[%clk 0:05:29]} 31. Kd3 {[%clk 0:05:09]} Ke7 {[%clk 0:05:37]} 32. Bd5
{[%clk 0:03:48]} f6 {[%clk 0:05:06]} 33. Kc4 {[%clk 0:03:28]} Be5
{[%clk 0:05:08]} 34. Kb5 {[%clk 0:02:50]} Bxc3 {[%clk 0:04:58]} 35. Ka6
{[%clk 0:02:38]} Bd4 {[%clk 0:04:19]} 36. c6 {[%clk 0:02:45]} Kd6
{[%clk 0:04:19]} 37. Kb7 {[%clk 0:02:50]} Bb6 {[%clk 0:04:27]} 38. Bg8
{[%clk 0:02:36]} h6 {[%clk 0:04:20]} 39. Bh7 {[%clk 0:02:10]} g5 {[%clk 0:04:19]}
40. Be4 {[%clk 0:02:11]} Bc7 {[%clk 0:04:27]} 41. Kxa7 {[%clk 0:00:46]} f5
{[%clk 0:04:37]} 42. Kb7 {[%clk 0:00:20]} fxe4 {[%clk 0:04:46]} 43. fxe4
{[%clk 0:00:29]} Ba5 {[%clk 0:04:53]} 44. a4 {[%clk 0:00:34]} h5 {[%clk 0:05:02]}
45. f3 {[%clk 0:00:40]} h4 {[%clk 0:04:45]} 46. e5+ {[%clk 0:00:32]} Kxe5
{[%clk 0:04:53]} 47. c7 {[%clk 0:00:41]} Bxc7 {[%clk 0:05:01]} 48. Kxc7
{[%clk 0:00:49]} Kf4 {[%clk 0:05:08]} 1-0

[Event "AsianNationCup2018-OpenRapid"]
[Site "?"]
[Date "2018.07.27"]
[Round "5.1"]
[White "Yakubboev, Nodirbek"]
[Black "Jumabayev, Rinat"]
[Result "1/2-1/2"]
[BlackElo "2606"]
[WhiteElo "2272"]
[LiveChessVersion "1.4.8"]

1. d4 {[%clk 0:15:00]} Nf6 {[%clk 0:15:19]} 2. c4 {[%clk 0:15:09]} e6
{[%clk 0:15:27]} 3. g3 {[%clk 0:14:53]} c5 {[%clk 0:15:35]} 4. d5
{[%clk 0:14:54]} exd5 {[%clk 0:15:44]} 5. cxd5 {[%clk 0:15:03]} d6
{[%clk 0:15:53]} 6. Nc3 {[%clk 0:15:00]} g6 {[%clk 0:16:01]} 7. Bg2
{[%clk 0:15:08]} Bg7 {[%clk 0:16:10]} 8. Nf3 {[%clk 0:15:17]} O-O
{[%clk 0:16:18]} 9. O-O {[%clk 0:15:26]} Re8 {[%clk 0:16:27]} 10. Nd2
{[%clk 0:15:11]} a6 {[%clk 0:16:36]} 11. a4 {[%clk 0:15:19]} Nbd7
{[%clk 0:16:45]} 12. Nc4 {[%clk 0:15:15]} Nb6 {[%clk 0:16:54]} 13. Na3
{[%clk 0:14:45]} Bd7 {[%clk 0:17:02]} 14. e4 {[%clk 0:14:06]} Qc7
{[%clk 0:15:12]} 15. Re1 {[%clk 0:13:32]} c4 {[%clk 0:14:01]} 16. f3
{[%clk 0:10:33]} Nxa4 {[%clk 0:13:00]} 17. Nxa4 {[%clk 0:10:17]} b5
{[%clk 0:13:09]} 18. Bf1 {[%clk 0:07:37]} bxa4 {[%clk 0:13:13]} 19. Nxc4
{[%clk 0:07:23]} Bb5 {[%clk 0:13:14]} 20. Na3 {[%clk 0:05:46]} Nd7
{[%clk 0:13:19]} 21. Nxb5 {[%clk 0:05:03]} axb5 {[%clk 0:13:28]} 22. Ra2
{[%clk 0:03:59]} Qa5 {[%clk 0:12:32]} 23. b3 {[%clk 0:03:34]} Rec8
{[%clk 0:10:58]} 24. bxa4 {[%clk 0:03:23]} bxa4 {[%clk 0:11:07]} 25. Ba3
{[%clk 0:03:10]} Rc3 {[%clk 0:10:52]} 26. Kg2 {[%clk 0:02:54]} Nc5
{[%clk 0:08:36]} 27. Ree2 {[%clk 0:03:00]} h5 {[%clk 0:08:24]} 28. Rec2
{[%clk 0:03:00]} h4 {[%clk 0:07:54]} 29. Rxc3 {[%clk 0:01:57]} Bxc3
{[%clk 0:08:03]} 30. Bxc5 {[%clk 0:01:32]} dxc5 {[%clk 0:07:50]} 31. d6
{[%clk 0:01:33]} Bd4 {[%clk 0:07:41]} 32. d7 {[%clk 0:01:22]} a3 {[%clk 0:07:26]}
33. Qd3 {[%clk 0:00:49]} Qe1 {[%clk 0:05:41]} 34. Rxa3 {[%clk 0:00:30]} Qf2+
{[%clk 0:05:10]} 35. Kh3 {[%clk 0:00:38]} Rd8 {[%clk 0:05:16]} 36. Qe2
{[%clk 0:00:15]} hxg3 {[%clk 0:05:04]} 37. hxg3 {[%clk 0:00:18]} Rxd7
{[%clk 0:04:59]} 38. Qxf2 {[%clk 0:00:25]} Bxf2 {[%clk 0:05:08]} 39. f4
{[%clk 0:00:30]} Be1 {[%clk 0:04:25]} 40. Bc4 {[%clk 0:00:19]} Rd4
{[%clk 0:04:07]} 41. Bd5 {[%clk 0:00:27]} c4 {[%clk 0:04:08]} 42. Ra8+
{[%clk 0:00:25]} Kg7 {[%clk 0:03:56]} 43. Ra7 {[%clk 0:00:31]} c3
{[%clk 0:03:47]} 44. Rxf7+ {[%clk 0:00:39]} Kh6 {[%clk 0:03:56]} 45. Rc7
{[%clk 0:00:25]} Rd3 {[%clk 0:04:03]} 46. Kg2 {[%clk 0:00:19]} Bxg3
{[%clk 0:03:57]} 47. Rc6 {[%clk 0:00:19]} Bxf4 {[%clk 0:04:00]} 48. Bf7
{[%clk 0:00:25]} Rg3+ {[%clk 0:04:07]} 49. Kf2 {[%clk 0:00:30]} Kg7
{[%clk 0:04:06]} 50. Bxg6 {[%clk 0:00:33]} Rxg6 {[%clk 0:03:00]} 51. Rxc3
{[%clk 0:00:41]} Be5 {[%clk 0:03:07]} 52. Rf3 {[%clk 0:00:47]} Bd4+
{[%clk 0:02:57]} 53. Ke2 {[%clk 0:00:50]} Ra6 {[%clk 0:03:04]} 54. Rd3
{[%clk 0:00:49]} Be5 {[%clk 0:03:11]} 55. Kf3 {[%clk 0:00:55]} Kf6
{[%clk 0:03:17]} 56. Rb3 {[%clk 0:01:01]} Kg5 {[%clk 0:03:18]} 57. Rd3
{[%clk 0:01:05]} Rb6 {[%clk 0:03:11]} 58. Ra3 {[%clk 0:01:07]} Rb2
{[%clk 0:02:55]} 59. Rd3 {[%clk 0:01:09]} Rb1 {[%clk 0:02:49]} 60. Ra3
{[%clk 0:01:11]} Rf1+ {[%clk 0:02:56]} 61. Ke2 {[%clk 0:01:19]} Rh1
{[%clk 0:03:03]} 62. Rf3 {[%clk 0:01:24]} Kg4 {[%clk 0:03:03]} 63. Rf7
{[%clk 0:01:20]} Rh3 {[%clk 0:02:57]} 64. Rf8 {[%clk 0:01:25]} Bf4
{[%clk 0:02:40]} 65. Rg8+ {[%clk 0:01:33]} Bg5 {[%clk 0:02:49]} 66. Re8
{[%clk 0:01:14]} Re3+ {[%clk 0:02:57]} 67. Kd1 {[%clk 0:01:21]} Rc3
{[%clk 0:03:06]} 68. Rg8 {[%clk 0:01:15]} Kf4 {[%clk 0:02:05]} 69. Kd2
{[%clk 0:01:21]} Rc7 {[%clk 0:02:02]} 70. Kd3 {[%clk 0:01:23]} Rd7+
{[%clk 0:01:55]} 71. Kc4 {[%clk 0:01:16]} Re7 {[%clk 0:02:03]} 72. Kd3
{[%clk 0:01:18]} Rd7+ {[%clk 0:01:54]} 73. Kc4 {[%clk 0:01:27]} Bf6
{[%clk 0:01:54]} 74. Rf8 {[%clk 0:01:11]} Ke5 {[%clk 0:02:02]} 75. Re8+
{[%clk 0:01:18]} Be7 {[%clk 0:02:11]} 76. Kb5 {[%clk 0:01:17]} Ke6
{[%clk 0:02:20]} 77. Kc4 {[%clk 0:01:16]} Kf7 {[%clk 0:02:11]} 78. Ra8
{[%clk 0:01:22]} Bf6 {[%clk 0:02:15]} 79. Ra4 {[%clk 0:01:12]} Ke6
{[%clk 0:02:23]} 80. Kb5 {[%clk 0:01:13]} Rd1 {[%clk 0:02:28]} 81. Ra8
{[%clk 0:01:10]} Re1 {[%clk 0:01:40]} 82. Ra4 {[%clk 0:01:15]} Be7
{[%clk 0:01:45]} 83. Rc4 {[%clk 0:01:15]} Ke5 {[%clk 0:01:36]} 84. Kc6
{[%clk 0:01:16]} Bf8 {[%clk 0:01:37]} 85. Ra4 {[%clk 0:01:14]} Bh6
{[%clk 0:01:46]} 86. Rc4 {[%clk 0:01:00]} Be3 {[%clk 0:01:54]} 87. Kd7
{[%clk 0:01:00]} Bd4 {[%clk 0:02:00]} 88. Rc2 {[%clk 0:00:55]} Rxe4
{[%clk 0:02:01]} 89. Rc1 {[%clk 0:00:57]} Rh4 {[%clk 0:02:05]} 90. Re1+
{[%clk 0:01:02]} Kd5 {[%clk 0:02:14]} 91. Rd1 {[%clk 0:01:10]} Rh7+
{[%clk 0:02:22]} 92. Kd8 {[%clk 0:01:19]} Rg7 {[%clk 0:02:29]} 93. Rd2
{[%clk 0:01:28]} Kc5 {[%clk 0:02:35]} 94. Ke8 {[%clk 0:01:37]} Be5
{[%clk 0:02:40]} 95. Rd7 {[%clk 0:01:46]} Rg1 {[%clk 0:02:33]} 96. Rd2
{[%clk 0:01:50]} Bd6 {[%clk 0:02:17]} 97. Kf7 {[%clk 0:01:42]} Kc6
{[%clk 0:02:22]} 98. Ke6 {[%clk 0:01:44]} Re1+ {[%clk 0:02:29]} 99. Kf5
{[%clk 0:01:52]} Kd7 {[%clk 0:02:32]} 100. Ra2 {[%clk 0:01:46]} Rf1+
{[%clk 0:02:40]} 101. Ke4 {[%clk 0:01:42]} Ke6 {[%clk 0:02:44]} 102. Ra6
{[%clk 0:01:43]} Rf4+ {[%clk 0:02:45]} 103. Ke3 {[%clk 0:01:49]} Rh4
{[%clk 0:02:53]} 104. Ra5 {[%clk 0:01:46]} Be5 {[%clk 0:02:37]} 105. Ra8
{[%clk 0:01:52]} Kd5 {[%clk 0:02:44]} 106. Rd8+ {[%clk 0:01:58]} Bd6
{[%clk 0:02:52]} 107. Kd3 {[%clk 0:02:02]} Rh3+ {[%clk 0:03:01]} 108. Kd2
{[%clk 0:02:10]} Kc5 {[%clk 0:03:07]} 109. Ke2 {[%clk 0:02:19]} Be5
{[%clk 0:03:04]} 110. Rd3 {[%clk 0:02:21]} Rh4 {[%clk 0:03:06]} 111. Rd8
{[%clk 0:02:19]} Bd4 {[%clk 0:02:57]} 112. Kf3 {[%clk 0:02:11]} Kc4
{[%clk 0:03:02]} 113. Kg3 {[%clk 0:02:11]} Re4 {[%clk 0:03:01]} 114. Ra8
{[%clk 0:02:08]} Re7 {[%clk 0:02:56]} 115. Kf4 {[%clk 0:02:06]} Kd5
{[%clk 0:02:43]} 116. Rd8+ {[%clk 0:02:13]} Kc4 {[%clk 0:02:52]} 117. Ra8
{[%clk 0:02:21]} Bc5 {[%clk 0:03:01]} 118. Rd8 {[%clk 0:02:26]} Re1
{[%clk 0:03:03]} 119. Rd7 {[%clk 0:02:27]} Bd4 {[%clk 0:03:09]} 120. Rd8
{[%clk 0:02:14]} Kd3 {[%clk 0:03:17]} 121. Ra8 {[%clk 0:02:20]} Rf1+
{[%clk 0:03:22]} 122. Kg4 {[%clk 0:02:29]} Ke4 {[%clk 0:03:21]} 123. Ra4
{[%clk 0:02:37]} Rg1+ {[%clk 0:03:30]} 124. Kh4 {[%clk 0:02:46]} Rg8
{[%clk 0:03:33]} 125. Rb4 {[%clk 0:02:54]} Ke5 {[%clk 0:03:40]} 126. Kh3
{[%clk 0:03:02]} Be3 {[%clk 0:03:40]} 127. Rg4 {[%clk 0:03:03]} Ra8
{[%clk 0:03:49]} 128. Rb4 {[%clk 0:02:48]} Kf5 {[%clk 0:03:46]} 129. Kg3
{[%clk 0:02:49]} Ra3 {[%clk 0:03:55]} 130. Rb7 {[%clk 0:02:41]} Bd4+
{[%clk 0:03:37]} 131. Kg2 {[%clk 0:02:15]} Kg4 {[%clk 0:03:41]} 132. Kf1 Ra2
{[%clk 0:07:43]} 133. Rf7 {[%clk 0:01:09]} Be3 {[%clk 0:07:47]} 134. Ke1
{[%clk 0:01:06]} Bf4 {[%clk 0:07:36]} 135. Kd1 {[%clk 0:01:02]} Kf3
{[%clk 0:07:12]} 136. Rd7 {[%clk 0:00:42]} Be3 {[%clk 0:09:21]} 137. Rf7+
{[%clk 0:00:34]} Ke4 {[%clk 0:09:30]} 138. Ke1 {[%clk 0:00:40]} Bf4
{[%clk 0:04:12]} 139. Rd7 {[%clk 0:00:44]} Ke3 {[%clk 0:02:03]} 140. Kd1
{[%clk 0:00:49]} Be5 {[%clk 0:02:11]} 141. Kc1 {[%clk 0:00:19]} Bd4
{[%clk 0:02:03]} 142. Rh7 {[%clk 0:00:14]} Kd3 {[%clk 0:01:55]} 143. Rh3+
{[%clk 0:00:21]} Kc4 1/2-1/2

[Event "AsianNationCup2018-OpenRapid"]
[Site "?"]
[Date "2018.07.27"]
[Round "5.2"]
[White "Ismagambetov, Anuar"]
[Black "Khoroshev, Nikita"]
[Result "1-0"]
[BlackElo "2286"]
[WhiteElo "2454"]
[LiveChessVersion "1.4.8"]

1. e4 {[%clk 0:15:18]} g6 {[%clk 0:15:18]} 2. d4 {[%clk 0:15:22]} Bg7
{[%clk 0:15:28]} 3. f4 {[%clk 0:15:24]} a6 {[%clk 0:15:02]} 4. Nf3
{[%clk 0:15:33]} d6 {[%clk 0:14:23]} 5. Bd3 {[%clk 0:15:40]} Nd7 {[%clk 0:14:25]}
6. O-O {[%clk 0:15:42]} c5 {[%clk 0:14:15]} 7. c3 {[%clk 0:15:42]} Qb6
{[%clk 0:12:56]} 8. Kh1 {[%clk 0:14:47]} cxd4 {[%clk 0:10:55]} 9. cxd4
{[%clk 0:14:55]} Ngf6 {[%clk 0:09:05]} 10. Nc3 {[%clk 0:14:14]} O-O
{[%clk 0:09:13]} 11. e5 {[%clk 0:13:38]} Ne8 {[%clk 0:09:22]} 12. Qe1
{[%clk 0:13:00]} Qd8 {[%clk 0:08:48]} 13. Qh4 {[%clk 0:12:55]} dxe5
{[%clk 0:08:37]} 14. fxe5 {[%clk 0:12:35]} Nc7 {[%clk 0:03:26]} 15. Bc4
{[%clk 0:11:15]} e6 {[%clk 0:03:23]} 16. Bg5 {[%clk 0:11:23]} f6 {[%clk 0:03:32]}
17. exf6 {[%clk 0:11:07]} Nxf6 {[%clk 0:02:41]} 18. Ne5 {[%clk 0:10:59]} b5
{[%clk 0:02:35]} 19. Bb3 {[%clk 0:09:31]} Bb7 {[%clk 0:02:42]} 20. Ng4
{[%clk 0:09:10]} Nce8 {[%clk 0:02:27]} 21. Bxe6+ {[%clk 0:09:17]} Kh8
{[%clk 0:02:36]} 22. Ne5 {[%clk 0:09:24]} b4 {[%clk 0:01:53]} 23. Nxg6#
{[%clk 0:09:32]} 1-0

[Event "AsianNationCup2018-OpenRapid"]
[Site "?"]
[Date "2018.07.27"]
[Round "5.3"]
[White "Sindarov, Javokhir"]
[Black "Kazhgaleyev, Murtas"]
[Result "1-0"]
[BlackElo "2457"]
[WhiteElo "2287"]
[LiveChessVersion "1.4.8"]

1. e4 {[%clk 0:15:17]} e5 {[%clk 0:15:19]} 2. Nf3 {[%clk 0:15:21]} d6
{[%clk 0:15:27]} 3. d4 {[%clk 0:15:15]} exd4 {[%clk 0:15:36]} 4. Nxd4
{[%clk 0:15:22]} Nf6 {[%clk 0:15:44]} 5. Nc3 {[%clk 0:15:27]} Be7
{[%clk 0:15:52]} 6. g3 {[%clk 0:14:45]} O-O {[%clk 0:15:58]} 7. Bg2
{[%clk 0:14:54]} Nc6 {[%clk 0:16:02]} 8. O-O {[%clk 0:14:56]} Bd7
{[%clk 0:16:05]} 9. h3 {[%clk 0:14:48]} Re8 {[%clk 0:16:13]} 10. Re1
{[%clk 0:14:18]} Bf8 {[%clk 0:16:17]} 11. Be3 {[%clk 0:14:01]} Ne5
{[%clk 0:16:20]} 12. b3 {[%clk 0:14:00]} Ng6 {[%clk 0:16:27]} 13. Qd2
{[%clk 0:13:57]} h6 {[%clk 0:16:14]} 14. f4 {[%clk 0:13:43]} c5 {[%clk 0:15:00]}
15. Nde2 {[%clk 0:10:58]} b5 {[%clk 0:13:41]} 16. f5 {[%clk 0:10:24]} Ne5
{[%clk 0:13:40]} 17. Nf4 {[%clk 0:10:30]} Bc6 {[%clk 0:13:38]} 18. Rad1
{[%clk 0:09:56]} Ned7 {[%clk 0:13:10]} 19. Bf2 {[%clk 0:09:59]} Qc7
{[%clk 0:12:41]} 20. g4 {[%clk 0:07:59]} a5 {[%clk 0:12:28]} 21. Bg3
{[%clk 0:06:12]} Qb7 {[%clk 0:11:55]} 22. Ncd5 {[%clk 0:02:42]} b4
{[%clk 0:10:26]} 23. Bh4 {[%clk 0:02:16]} Bxd5 {[%clk 0:10:11]} 24. Nxd5
{[%clk 0:02:20]} Nxd5 {[%clk 0:10:18]} 25. Qxd5 {[%clk 0:02:04]} Qxd5
{[%clk 0:10:26]} 26. Rxd5 {[%clk 0:02:12]} a4 {[%clk 0:10:26]} 27. Bg3
{[%clk 0:02:00]} axb3 {[%clk 0:10:18]} 28. axb3 {[%clk 0:02:09]} Ra2
{[%clk 0:09:48]} 29. Re2 {[%clk 0:02:16]} c4 {[%clk 0:09:30]} 30. Kf2
{[%clk 0:01:55]} Nf6 {[%clk 0:08:22]} 31. Rdd2 {[%clk 0:00:58]} d5
{[%clk 0:06:28]} 32. e5 {[%clk 0:00:46]} Ne4+ {[%clk 0:04:46]} 33. Bxe4
{[%clk 0:00:46]} dxe4 {[%clk 0:04:54]} 34. Kf1 {[%clk 0:00:22]} Rc8
{[%clk 0:04:48]} 35. Rd4 {[%clk 0:00:30]} cxb3 {[%clk 0:04:29]} 36. cxb3
{[%clk 0:00:39]} Rxe2 {[%clk 0:04:25]} 37. Kxe2 {[%clk 0:00:46]} Rc3
{[%clk 0:04:33]} 38. Rd8 {[%clk 0:00:31]} Rc2+ {[%clk 0:03:10]} 39. Kd1
{[%clk 0:00:36]} Rc6 {[%clk 0:03:16]} 40. Be1 {[%clk 0:00:39]} Rb6
{[%clk 0:03:25]} 41. Bh4 {[%clk 0:00:45]} g5 {[%clk 0:03:12]} 42. fxg6
{[%clk 0:00:54]} fxg6 {[%clk 0:03:12]} 43. Be7 {[%clk 0:01:03]} Kf7
{[%clk 0:03:16]} 44. Bxf8 {[%clk 0:01:11]} 1-0

[Event "AsianNationCup2018-OpenRapid"]
[Site "?"]
[Date "2018.07.27"]
[Round "5.4"]
[White "Kostenko, Petr"]
[Black "Abdisalimov, Abdimalik"]
[Result "0-1"]
[BlackElo "2135"]
[WhiteElo "2403"]
[LiveChessVersion "1.4.8"]

1. Nf3 {[%clk 0:15:18]} c5 {[%clk 0:15:20]} 2. e3 {[%clk 0:15:23]} Nf6
{[%clk 0:15:22]} 3. d4 {[%clk 0:15:32]} cxd4 {[%clk 0:15:06]} 4. exd4
{[%clk 0:15:41]} d5 {[%clk 0:15:16]} 5. c3 {[%clk 0:15:48]} Nc6 {[%clk 0:15:21]}
6. Bf4 {[%clk 0:15:57]} Bg4 {[%clk 0:15:29]} 7. Qb3 {[%clk 0:16:06]} Qc8
{[%clk 0:14:11]} 8. Ne5 {[%clk 0:15:50]} Bd7 {[%clk 0:14:19]} 9. Nd2
{[%clk 0:15:44]} e6 {[%clk 0:14:11]} 10. Nxd7 {[%clk 0:15:21]} Qxd7
{[%clk 0:13:56]} 11. Be2 {[%clk 0:13:09]} Be7 {[%clk 0:13:45]} 12. O-O
{[%clk 0:13:08]} O-O {[%clk 0:13:53]} 13. Rfe1 {[%clk 0:13:01]} a6
{[%clk 0:13:14]} 14. a4 {[%clk 0:13:01]} Rfc8 {[%clk 0:13:16]} 15. Nf3
{[%clk 0:12:58]} Bd6 {[%clk 0:13:04]} 16. Bxd6 {[%clk 0:13:03]} Qxd6
{[%clk 0:13:12]} 17. a5 {[%clk 0:13:07]} Qc7 {[%clk 0:10:56]} 18. Qa2
{[%clk 0:13:00]} g6 {[%clk 0:11:04]} 19. Bd3 {[%clk 0:13:08]} Qd8
{[%clk 0:10:31]} 20. g3 {[%clk 0:13:08]} Ne8 {[%clk 0:10:35]} 21. Kg2
{[%clk 0:13:15]} Kg7 {[%clk 0:10:17]} 22. h4 {[%clk 0:13:23]} h6 {[%clk 0:10:26]}
23. Nd2 {[%clk 0:10:35]} Nf6 {[%clk 0:10:24]} 24. Nb3 {[%clk 0:10:39]} Nd7
{[%clk 0:10:33]} 25. Re2 {[%clk 0:10:30]} Qf6 {[%clk 0:10:38]} 26. f4
{[%clk 0:10:06]} g5 {[%clk 0:06:09]} 27. Rh1 {[%clk 0:10:14]} gxf4 28. Rf2
{[%clk 0:10:23]} Kh8 {[%clk 0:04:47]} 29. Rxf4 {[%clk 0:08:54]} Qg7
{[%clk 0:04:56]} 30. Be2 {[%clk 0:08:15]} Rg8 {[%clk 0:04:11]} 31. Rg4
{[%clk 0:08:20]} Qh7 {[%clk 0:04:19]} 32. Qb1 {[%clk 0:07:58]} f5
{[%clk 0:04:18]} 33. Rg5 {[%clk 0:05:19]} Qe7 {[%clk 0:03:42]} 34. Rxg8+
{[%clk 0:05:28]} Rxg8 {[%clk 0:03:50]} 35. Qc1 {[%clk 0:05:33]} Rg6
{[%clk 0:02:56]} 36. Qf4 {[%clk 0:05:28]} Nf6 {[%clk 0:02:48]} 37. Bf3
{[%clk 0:04:48]} Kh7 {[%clk 0:02:23]} 38. Re1 {[%clk 0:03:45]} Ne4
{[%clk 0:02:19]} 39. Bxe4 {[%clk 0:03:53]} dxe4 {[%clk 0:02:17]} 40. d5
{[%clk 0:03:43]} Rg4 {[%clk 0:02:20]} 41. Qf2 {[%clk 0:02:56]} Ne5
{[%clk 0:01:50]} 42. dxe6 {[%clk 0:01:19]} f4 {[%clk 0:01:30]} 43. Rxe4
{[%clk 0:01:19]} Nd3 {[%clk 0:00:49]} 44. Qd4 {[%clk 0:00:26]} Rxg3+
{[%clk 0:00:42]} 45. Kf1 {[%clk 0:00:35]} Qxh4 {[%clk 0:00:21]} 46. Qd7+
{[%clk 0:00:17]} Rg7 {[%clk 0:00:25]} 47. Ke2 {[%clk 0:00:24]} Qg4+
{[%clk 0:00:15]} 48. Kxd3 {[%clk 0:00:33]} Rxd7+ {[%clk 0:00:24]} 49. exd7
{[%clk 0:00:42]} Qxd7+ {[%clk 0:00:26]} 50. Nd4 {[%clk 0:00:51]} Qf7
{[%clk 0:00:17]} 51. Ne6 {[%clk 0:00:51]} f3 {[%clk 0:00:20]} 52. Nd8
{[%clk 0:00:51]} Qd5+ {[%clk 0:00:21]} 53. Rd4 {[%clk 0:01:00]} Qf5+
{[%clk 0:00:29]} 54. Ke3 {[%clk 0:01:09]} f2 {[%clk 0:00:36]} 0-1

[Event "AsianNationCup2018-OpenRapid"]
[Site "?"]
[Date "2018.07.27"]
[Round "5.5"]
[White "Ganguly, Surya Shekhar"]
[Black "Gholami Orimi, Mahdi"]
[Result "1-0"]
[BlackElo "2092"]
[WhiteElo "2619"]
[LiveChessVersion "1.4.8"]

1. e4 {[%clk 0:15:17]} e5 {[%clk 0:15:19]} 2. Nf3 {[%clk 0:15:24]} Nc6
{[%clk 0:15:28]} 3. Bb5 {[%clk 0:15:28]} a6 {[%clk 0:15:31]} 4. Ba4
{[%clk 0:15:37]} Nf6 {[%clk 0:15:39]} 5. O-O {[%clk 0:15:41]} Be7
{[%clk 0:15:48]} 6. d3 {[%clk 0:15:37]} b5 {[%clk 0:15:52]} 7. Bb3
{[%clk 0:15:45]} Bb7 {[%clk 0:15:51]} 8. Re1 {[%clk 0:15:35]} O-O
{[%clk 0:15:58]} 9. Nc3 {[%clk 0:14:27]} d6 {[%clk 0:16:02]} 10. a3
{[%clk 0:14:25]} h6 {[%clk 0:15:47]} 11. Nd5 {[%clk 0:14:08]} Na5
{[%clk 0:14:20]} 12. Nxe7+ {[%clk 0:14:09]} Qxe7 {[%clk 0:14:28]} 13. Ba2
{[%clk 0:14:17]} c5 {[%clk 0:14:36]} 14. Nh4 {[%clk 0:13:33]} Kh7
{[%clk 0:04:30]} 15. Nf5 {[%clk 0:12:43]} Qd7 {[%clk 0:04:15]} 16. Qd2
{[%clk 0:12:18]} Nc6 {[%clk 0:03:45]} 17. Nxg7 {[%clk 0:12:23]} Ng8
{[%clk 0:00:47]} 18. Nf5 {[%clk 0:12:28]} Nd8 {[%clk 0:00:17]} 19. Nxh6
{[%clk 0:11:29]} Ne6 {[%clk 0:00:13]} 20. Nxg8 {[%clk 0:11:08]} Kxg8
{[%clk 0:00:19]} 21. Qh6 {[%clk 0:11:11]} Rae8 {[%clk 0:00:11]} 22. Re3
{[%clk 0:11:03]} 1-0

[Event "AsianNationCup2018-OpenRapid"]
[Site "?"]
[Date "2018.07.27"]
[Round "5.6"]
[White "Javanbakht, Nima"]
[Black "Adhiban, B."]
[Result "1/2-1/2"]
[BlackElo "2673"]
[WhiteElo "2349"]
[LiveChessVersion "1.4.8"]

1. d4 {[%clk 0:15:13]} d5 {[%clk 0:15:19]} 2. c4 {[%clk 0:15:22]} e6
{[%clk 0:15:25]} 3. Nc3 {[%clk 0:15:30]} c6 {[%clk 0:15:34]} 4. e4
{[%clk 0:15:14]} dxe4 5. Nxe4 {[%clk 0:15:23]} Bb4+ {[%clk 0:15:50]} 6. Bd2
{[%clk 0:15:32]} Qxd4 {[%clk 0:15:53]} 7. Bxb4 {[%clk 0:15:41]} Qxe4+
{[%clk 0:16:01]} 8. Ne2 {[%clk 0:15:49]} Nd7 {[%clk 0:13:59]} 9. Qd6
{[%clk 0:13:49]} Qe5 {[%clk 0:12:30]} 10. Qd2 {[%clk 0:13:55]} Ngf6
{[%clk 0:12:38]} 11. Bd6 {[%clk 0:12:51]} Ne4 {[%clk 0:12:46]} 12. Bxe5
{[%clk 0:12:58]} Nxd2 {[%clk 0:12:55]} 13. Bxg7 {[%clk 0:13:07]} Rg8
{[%clk 0:13:03]} 14. Kxd2 {[%clk 0:12:13]} Rxg7 {[%clk 0:13:12]} 15. g3
{[%clk 0:11:49]} b6 {[%clk 0:11:42]} 16. Bg2 {[%clk 0:11:52]} Bb7
{[%clk 0:11:51]} 17. Kc3 {[%clk 0:11:11]} O-O-O {[%clk 0:11:58]} 18. Rhd1
{[%clk 0:08:01]} c5 {[%clk 0:12:00]} 19. Bxb7+ {[%clk 0:07:45]} Kxb7
{[%clk 0:12:09]} 20. Nf4 {[%clk 0:07:23]} Kc7 {[%clk 0:12:01]} 21. a4
{[%clk 0:06:30]} a5 {[%clk 0:11:26]} 22. Rd2 {[%clk 0:06:18]} Rgg8
{[%clk 0:11:22]} 23. Nh5 {[%clk 0:05:41]} Ne5 {[%clk 0:08:26]} 24. Rad1
{[%clk 0:05:33]} Rxd2 25. Rxd2 {[%clk 0:05:42]} Nf3 {[%clk 0:08:31]} 26. Rd1
{[%clk 0:04:31]} Nd4 {[%clk 0:02:46]} 27. h4 {[%clk 0:04:37]} Kd6
{[%clk 0:01:32]} 28. Re1 {[%clk 0:02:46]} Ke7 {[%clk 0:01:32]} 29. Nf4
{[%clk 0:02:21]} f6 {[%clk 0:01:04]} 30. Re3 {[%clk 0:01:10]} Kd6
{[%clk 0:01:10]} 31. Nh5 {[%clk 0:01:03]} Rf8 {[%clk 0:01:15]} 32. Nf4
{[%clk 0:01:03]} Rf7 {[%clk 0:01:14]} 33. Re1 {[%clk 0:01:02]} Rf8
{[%clk 0:01:08]} 34. Re3 {[%clk 0:01:10]} f5 {[%clk 0:01:01]} 35. Re1
{[%clk 0:01:12]} Rg8 {[%clk 0:00:55]} 36. Nh5 {[%clk 0:01:17]} Rf8
{[%clk 0:00:51]} 37. Nf4 {[%clk 0:01:26]} Rf7 {[%clk 0:00:52]} 38. Nd3
{[%clk 0:01:21]} Nc6 {[%clk 0:00:55]} 39. Nf4 {[%clk 0:01:23]} Nd4
{[%clk 0:01:03]} 40. Nd3 {[%clk 0:01:32]} Nc6 {[%clk 0:00:33]} 41. Nf4
{[%clk 0:01:40]} Nd4 {[%clk 0:00:42]} 42. Nd3 {[%clk 0:01:49]} Nc6
{[%clk 0:00:43]} 1/2-1/2